[Event "Moscow-ch final"]
[Site "Moscow"]
[Date "2019.04.04"]
[Round "6"]
[White "Zaitsev, Vitaly"]
[Black "Zhukov, Anton"]
[Result "0-1"]
[WhiteElo "1968"]
[BlackElo "2076"]
[PlyCount "100"]
[EventDate "2019.03.30"]
[EventType "swiss"]
[EventRounds "9"]
[EventCountry "RUS"]
[SourceTitle "CBM 189 Extra"]
[Source "ChessBase"]
[SourceDate "2019.06.03"]
[SourceVersion "1"]
[SourceVersionDate "2019.06.03"]
[SourceQuality "1"]

1. d4 Nf6 2. c4 g6 3. Nc3 Bg7 4. e4 d6 5. Be2 0-0 6. Nf3 e5 7. Be3 Ng4 8. Bg5 f6 9. Bh4 g5 10. Bg3 Nh6 11. dxe5 fxe5 12. h4 g4 13. Nh2 Qd7 14. Nd5 Nc6 15. Ne3 Nd4 16. Nhxg4 Qf7 17. b3 Qg6 18. Nd5 Qxe4 19. Nge3 Nxe2 20. Qxe2 Rf7 21. Rd1 Qg6 22. h5 Qe6 23. 0-0 Nf5 24. Nxf5 Qxf5 25. f4 Qg4 26. Qxg4 Bxg4 27. Rde1 c6 28. Ne3 Bxh5 29. fxe5 Rxf1+ 30. Nxf1 dxe5 31. Bxe5 Re8 32. Bg3 Bd4+ 33. Kh1 Re2 34. Rxe2 Bxe2 35. Nd2 Kf7 36. Nf3 Bf6 37. Bf2 a6 38. Be1 Bd3 39. c5 Ke6 40. g4 Kd5 41. g5 Be7 42. Kh2 Bxc5 43. Kg3 Bd6+ 44. Kh4 Ke4 45. Nd2+ Kf5 46. Nf3 c5 47. Bf2 Be2 48. Nd2 Bf4 49. Nc4 Bxg5+ 50. Kh3 Be7 0-1

[Event "Moscow-ch final"]
[Site "Moscow"]
[Date "2019.04.02"]
[Round "4"]
[White "Zaitsev, Vitaly"]
[Black "Bogaudinov, Rushan"]
[Result "1/2-1/2"]
[WhiteElo "1968"]
[BlackElo "2123"]
[PlyCount "102"]
[EventDate "2019.03.30"]
[EventType "swiss"]
[EventRounds "9"]
[EventCountry "RUS"]
[SourceTitle "CBM 189 Extra"]
[Source "ChessBase"]
[SourceDate "2019.06.03"]
[SourceVersion "1"]
[SourceVersionDate "2019.06.03"]
[SourceQuality "1"]

1. d4 Nf6 2. c4 g6 3. Nc3 Bg7 4. e4 d6 5. Be2 Nbd7 6. Bg5 c5 7. d5 a6 8. a4 Qa5 9. Bd2 Qc7 10. f4 0-0 11. Nf3 Re8 12. 0-0 e6 13. Bd3 exd5 14. exd5 Nf8 15. h3 Bd7 16. Qc2 b5 17. axb5 axb5 18. Rxa8 Rxa8 19. Nxb5 Bxb5 20. cxb5 Qb7 21. Bc4 N8d7 22. Qd3 Nb6 23. b3 Nbxd5 24. f5 Ne7 25. Qxd6 Ne4 26. Qd3 gxf5 27. Bg5 h6 28. Bxe7 Qxe7 29. Rd1 Bf6 30. Qd5 Rd8 31. Qxd8+ Qxd8 32. Rxd8+ Bxd8 33. Ne5 Nd6 34. Nd7 Nc8 35. Kf1 Kg7 36. Nxc5 Kf6 37. Nd7+ Ke7 38. Ne5 Bc7 39. Nd3 f6 40. Ke2 Nb6 41. Kf3 Bd6 42. Nf4 Be5 43. Bd3 Kd6 44. Bxf5 Ba1 45. Be4 Kc5 46. Bc6 Nc8 47. Kg4 Ne7 48. Be8 Bc3 49. Ne6+ Kd6 50. Ng7 Bd4 51. Kh5 Be3 1/2-1/2